000 00454nam a22001817a 4500
003 OSt
008 250403b |||||||| |||| 00| 0 eng d
020 _a9789339203047
082 _a331.2
_bGHI
100 _aGHOSH,Piyali
245 _aIndustrial Relations and Labour Laws
250 _a11th Rep
260 _aNew Delhi
_bTMH
_c2024
300 _aMISC
650 _aIndustrial Relations and Labour Laws
700 _aNANDAN,Shefali
942 _2ddc
_cBK
999 _c13227
_d13227